000
00309nam a22001337a 4500
008
170609b xxu||||| |||| 00| 0 eng d
020
_a
9780743262972
041
_a
eng
080
_a
94(7/8)
100
_a
17
101
_a
SHH
245
_a
LINCOLN'S EMANCIPATION PROCLAMATION
_c
GUELZO,A.C
942
_2
udc
_c
BK
999
_c
16604
_d
16604